000 00466nam a22001817a 4500
003 BDDh-ASL
005 20231015031028.0
008 221010s1958 p ||||| |||| 00| 0 u d
040 _aBDDh-ASL
_cBDDh-ASL
041 _aurd
082 _a297
_bIKA
100 1 _93096
_aIkram, S. M.
245 1 0 _aAab-e Kausar : / آب کوثر
260 _aLahore :
_bFerozsons,
_c1958.
300 _a537 p. :
_c20 cm.
650 0 _94523
_a Muslim History
942 _2ddc
_cBK
999 _c29441
_d29441